| 000 | 01162cam a2200337 a 4500 | ||
|---|---|---|---|
| 001 | 000013850 | ||
| 003 | DO-SdBNP | ||
| 005 | 20251030092705.0 | ||
| 008 | 990120s1997 ve a b 001 0 spa d | ||
| 020 | _a9800011587 | ||
| 040 |
_aDO-SdBNP _bspa _cBNPHU |
||
| 043 | _as-ve--- | ||
| 082 | 4 |
_a338.9 _bP712 |
|
| 245 | 0 | 3 |
_aLa planificación en el plan de la nación / _cJorge A. Giordani C. ... [et al.]. |
| 260 |
_aCaracas : _bCENDES, _c1997. |
||
| 300 |
_a142 p. : _bil. ; _c23 cm. |
||
| 490 | 1 |
_aJorge Ahumada, _v7 |
|
| 504 | _aIncluye referencias bibliográficas (p. [135] -142). | ||
| 650 | 4 |
_aPlanificación _zVenezuela. _931369 |
|
| 651 | 0 |
_aVenezuela _xPolítica económica. _926230 |
|
| 651 | 0 |
_aVenezuela _xPolítica y gobierno _y1974- _926230 |
|
| 700 | 1 |
_aGiordani, Jorge. _931370 |
|
| 700 | 1 |
_aLópez, Jesús _931371 |
|
| 700 | 1 |
_aUnanue H., Alberto _931372 |
|
| 700 | 1 |
_aCastellano B., Hercilio _931373 |
|
| 700 | 1 |
_aZuleta I., Guido _931374 |
|
| 710 | 2 |
_aUniversidad Central de Venezuela. _bCentro de Estudios del Desarrollo. _930134 |
|
| 830 | 0 |
_aJorge Ahumada ; _v7. _931375 |
|
| 910 | _aCatalogación por copia / LC | ||
| 942 |
_2ddc _cLBS1 |
||
| 999 |
_c13460 _d13460 |
||